| 000 | 00346nam a2200145Ia 4500 | ||
|---|---|---|---|
| 008 | 230917s9999||||xx |||||||||||||| ||und|| | ||
| 040 |
_e125408 _aMAIN |
||
| 041 | _aEnglish | ||
| 082 | _a327.116 D969S | ||
| 100 | _aDwivedi, Manan | ||
| 245 | 0 | _aSouth asia security | |
| 260 |
_aDelhi _bKalpaz Publications |
||
| 300 | _a352p p. | ||
| 942 | _cBK | ||
| 999 |
_c148430 _d148430 |
||